000 00748nam a2200253Ia 4500
003 OSt
005 20220918213651.0
006 a|||||r|||| 00| 0
007 ta
008 220917b |||||||| |||| 00| 0 eng d
024 _a133,808
037 _cTextual
040 _aARTS
_cARTS
_beng
041 _2eng
_aeng
082 _aX:971r, K5
100 _aPatchen Martin
_997414
245 0 _aSome questionnaire measures of employee motivation and morale
_b A report on their reliability and validitry
260 _aMichigan
_bInstitute for social Reseach
_c1965
300 _aviii, 82p.
_ccm.
500 _aAppendix p73-80
650 _aECONOMICS
942 _hX:971r, K5
_cTEXL
_2CC
999 _c256915
_d256915